Questioning Movie Quotes IV? Quiz Stats

 Plays Quiz Updated Jun 25, 2016

Challenge
Share
Tweet
Embed
Score 0/20 Timer 04:00
1 Play Today
% Correct
Shrek
91.7%
Raiders of the Lost Ark
89.7%
Ferris Bueller's Day Off
82%
The Pianist
78.2%
Goodfellas
73.1%
The Hangover
73%
The Matrix
68.3%
The Green Mile
64.1%
Sister Act
63.8%
Psycho
60.8%
% Correct
The Little Mermaid
58.2%
The Avengers
49.2%
American History X
46.9%
Robin Hood: Prince of Thieves
40.4%
The Sound of Music
38.7%
American Beauty
38.2%
12 Angry Men
34.8%
The Goonies
34.4%
Memento
32.9%
North by Northwest
29.8%

You're not logged in!

Compare scores with friends on all Sporcle quizzes.
OR
Log In

You Might Also Like...

Show Comments

Extras

Top Quizzes Today


Score Distribution

Your Account Isn't Verified!

In order to create a playlist on Sporcle, you need to verify the email address you used during registration. Go to your Sporcle Settings to finish the process.

Report this User

Report this user for behavior that violates our Community Guidelines.

Details: